Joueurs étrangers par pays passés par le PSG - Statistiques

Statistiques générales
  • Ce quiz a été pris 95 fois
  • Le résultat moyen est 23 sur 54
Statistiques - réponses
Pays Joueurs % Correct
Argentine Lionel Messi | Mauro Icardi | Leandro Paredes | Giovani Lo Celso | Ángel Di María | Ezequiel Lavezzi | Javier Pastore | Marcelo Gallardo | Juan Pablo Sorín | Martín Cardetti | Gabriel Heinze | Mauricio Pochettino | Gabriel Calderón | Omar da Fonseca | Osvaldo Ardiles | Cacho Heredia | Carlos Bianchi
100%
Brésil Marquinhos | Thiago Silva | Lucas Moura | Raí | Maxwell | Ceará | Neymar | Ricardo Gomes | Valdo | Nenê | Alex | David Luiz | Reinaldo Oliveira | Aloísio Chulapa | Ronaldinho | Dani Alves | Lucas Beraldo | Christian | Paulo César | Leonardo | Abel Braga | Rafinha | Geraldão | Alex Dias | Adaílton | André Luiz | Edmílson | Souza | César | Armando Monteiro | Vampeta | Éverton Santos | Joel Camargo
100%
Espagne Fabián Ruiz | Juan Bernat | Pablo Sarabia | Ander Herrera | Cristóbal Parralo | Carlos Soler | Sergio Ramos | Mikel Arteta | Marco Asensio | Yuri Berchiche | Sergio Rico | Jesé | Arnau Tenas | Quique de Lucas | Dro Fernandez
98%
Italie Marco Verratti | Thiago Motta | Salvatore Sirigu | Gianluigi Donnarumma | Marco Simone | Armando Bianchi | Moise Kean | Albert Poli | Alessandro Florenzi | Gianluigi Buffon | Cher Ndour | Renato Marin
98%
Portugal Pauleta | Vitinha | Danilo Pereira | Nuno Mendes | Gonçalo Ramos | Hugo Leal | João Neves | Humberto Coelho | Kenedy | Renato Sanches | Fernando Cruz | Filipe Teixeira | Hélder Cristóvão | João Alves | Gonçalo Guedes | Agostinho | Hélder Baptista
98%
Maroc Achraf Hakimi | Talal El Karkouri | Kays Ruiz-Atil | Ilyes Housni | Yacine Qasmi
97%
Uruguay Edinson Cavani | Cristian Rodríguez | Manuel Ugarte | Diego Lugano | Carlos Bueno
87%
Allemagne Julian Draxler | Thilo Kehrer | Kevin Trapp | Christian Wörns
86%
Sénégal Oumar Sène | Boubacar Sarr | Idrissa Gueye | Abdou Diallo | Aliou Cissé | Younousse Sankharé | Jules Bocandé | Boukary Dramé | Ibrahim Mbaye | Alboury Lah | Ibrahim Mbaye
83%
Libéria James Debbah | George Weah
81%
Russie Igor Yanovskiy | Sergey Semak | Matvey Safonov
80%
Suède Zlatan Ibrahimović
80%
Pays-Bas Gregory van der Wiel | Pierre Vermeulen | Kees Kist | Mitchel Bakker | Georginio Wijnaldum | Xavi Simons
76%
Costa Rica Keylor Navas
76%
Corée du Sud Kang-in Lee
67%
Côte d'Ivoire Amara Diané | Serge Aurier | Siaka Tiéné | Bonaventure Kalou | Franck Dja Djédjé | Yannick Boli
66%
Belgique Thomas Meunier
66%
Angleterre David Beckham | Ray Wilkins | Jantzen Derrick
65%
Equateur Willian Pacho
63%
Ukraine Ilya Zabarnyi
59%
Géorgie Khvicha Kvaratskhelia
51%
Etats-Unis Timothy Weah
51%
Pologne Grzegorz Krychowiak | Marcin Bulka
50%
Nigeria Jay-Jay Okocha | Bartholomew Ogbeche | Godwin Okpara
50%
Cameroun Modeste M'Bami | Jean-Pierre Tokoto | Eric-Maxim Choupo-Moting | Patrick Mboma | Eric William Njo-Léa | Junior Dina Ebimbe | Jean-Hugues Ateba | Albert Baning | Fabrice Moreau
47%
Slovaquie Milan Skriniar
44%
Algérie Mustapha Dahleb | Liazid Sandjak | Ali Benarbia | Salah Assad | Réda Ali Messaoud | Florian Makhedjouf | Djamel Belmadi
40%
Serbie Ilija Pantelic | Danijel Ljuboja | Mateja Kežman | Milan Bisevac | Marko Pantelic | Zivko Lukic
33%
Bosnie-Herzégovine Safet Susic | Vahid Halilhodzic | Vedad Ibisevic
30%
Albanie Lorik Cana | Edvin Murati
29%
Bénin Stéphane Sessègnon
29%
Arménie Apoula Edel
24%
Turquie Mevlüt Erdinç | Metehan Güçlü
24%
Mali Sammy Traoré | Mohamed Sissoko | Kalifa Traoré
24%
Colombie Mario Yepes
17%
Tunisie Selim Benachour | Ismaël Gharbi | Hocine Ragued
17%
Haïti Jean-Eudes Maurice
14%
Panama Julio Dely Valdés
13%
Guinée Kaba Diawara | Antoine Conte
12%
Madagascar Éric Rabésandratana
10%
Martinique José-Karl Pierre-Fanfan | Charles-Edouard Coridon | Thierry Tinmar
10%
République Tchèque David Rozehnal
9%
RD Congo Granddi N'Goyi | Youssouf Mulumbu | Larrys Mabiala | Neeskens Kebano | Chiguy Lucau
9%
Ghana Alex Nyarko
8%
Congo François M'Pelé
8%
Tchad Nambatingue Toko
8%
Israël Mordechai Spiegler | Rudy Haddad
7%
Monténégro Branko Boskovic
6%
Guadeloupe Jocelyn Angloma | Bernard Héréson
6%
Luxembourg Stéphane Gillet
6%
Guyane Kévin Rimane
3%
Togo Othniel Dossevi | Pierre-Antoine Dossevi
3%
Autriche Richard Niederbacher
3%
Croatie Zlatko Vujovic | Ivica Šurjak
1%
Aucun quiz correspondant
Distribution des résultats
% des personnes avec chaque résultat
Percentile par nombre de réponses
Votre historique - résultats
Vous n’avez pas pris ce quiz